The BBI Combinatiory Dictionary Of English: (Record no. 211171)
[ view plain ]
| 000 -LEADER | |
|---|---|
| fixed length control field | 00875nam a22002177a 4500 |
| 010 ## - LCCN (DPL NO) | |
| LC control number | ENG-144805 |
| 020 ## - INTERNATIONAL STANDARD BOOK NUMBER | |
| International Standard Book Number | 9789382394105 |
| Terms of availability | 400.00 |
| 035 ## - SYSTEM CONTROL NUMBER | |
| System control number | EN-128337 |
| 037 ## - SOURCE OF ACQUISITION | |
| Source of stock number/acquisition | DBAD |
| 082 ## - DEWEY DECIMAL CLASSIFICATION NUMBER | |
| Edition number | Third |
| Classification number | 494.38 |
| 100 ## - MAIN ENTRY--PERSONAL NAME | |
| Personal name | Ilson,Robert |
| 245 ## - TITLE STATEMENT | |
| Title | The BBI Combinatiory Dictionary Of English: |
| Remainder of title | Your Guide To Collocations And Grammar |
| Statement of responsibility, etc | Robert Ilson, Compiled BY [Morton Benson ,Evelyn Benson And Robert Ilson] |
| 250 ## - EDITION STATEMENT | |
| Edition statement | Third |
| 260 ## - PUBLICATION, DISTRIBUTION, ETC. (IMPRINT) | |
| Place of publication, distribution, etc | Netherlands |
| Name of publisher, distributor, etc | John Benjamins Publishing Co. |
| Date of publication, distribution, etc | 2010 |
| 260 ## - PUBLICATION, DISTRIBUTION, ETC. (IMPRINT) | |
| Place of publication, distribution, etc | Chennai |
| Name of publisher, distributor, etc | Cre-A |
| 270 ## - ADDRESS | |
| Address | 1020 ME |
| City | Amsterdam |
| Postal code | P.O.Box 36224 |
| 270 ## - ADDRESS | |
| Address | New No.2 Old No. 25, First Floor, 17th East Street, Kamarajar Nagar, |
| City | Thiruvanmiyur, |
| Postal code | 600041 |
| Telephone number | 7299905950 |
| Electronic mail address | creapublishers@gmail.com |
| 300 ## - PHYSICAL DESCRIPTION | |
| Extent | 462p. |
| Dimensions | 21cm.(pb) |
| 700 ## - ADDED ENTRY--PERSONAL NAME | |
| Personal name | Benson Morton and Benson Evelyn |
| 9 (RLIN) | 81046 |
| 942 ## - ADDED ENTRY ELEMENTS (KOHA) | |
| Source of classification or shelving scheme | Dewey Decimal Classification |
| Item type | English Books |
| Classification part | 494.38 |
| Call number suffix | Ils |
| Withdrawn status | Lost status | Not for loan | Collection code | Home library | Current library | Date acquired | Source of acquisition | Cost, normal purchase price | Full call number | Barcode | Copy number | Cost, replacement price | Koha item type |
|---|---|---|---|---|---|---|---|---|---|---|---|---|---|
| Non-fiction | Mobile Library | Mobile Library | 07/05/2025 | DBAD | 400.00 | 494.38 LIS | EN-128337 | 1 | 400.00 | English Books |
